ARRUPE JESUIT UNIVERSITY

CORONAVIRUS -STOP THE SPREAD - CLEAN,DISINFECT,COVER

Emma Goldman : (Record no. 129750)

MARC details
000 -LEADER
fixed length control field 02927cam a22004934a 4500
001 - CONTROL NUMBER
control field 12861764
003 - CONTROL NUMBER IDENTIFIER
control field ARRUPE
005 - DATE AND TIME OF LATEST TRANSACTION
control field 20190827105531.0
008 - FIXED-LENGTH DATA ELEMENTS--GENERAL INFORMATION
fixed length control field 020719m20039999caua b s001 0 eng
010 ## - LIBRARY OF CONGRESS CONTROL NUMBER
LC control number 2002028943
020 ## - INTERNATIONAL STANDARD BOOK NUMBER
International Standard Book Number 0520086708 (v. 1 : alk. paper)
020 ## - INTERNATIONAL STANDARD BOOK NUMBER
International Standard Book Number 0520225694 (v. 2 : alk. paper)
020 ## - INTERNATIONAL STANDARD BOOK NUMBER
International Standard Book Number 9780804778541 (v. 3 : hbk. : alk. paper)
040 ## - CATALOGING SOURCE
Original cataloging agency DLC
Transcribing agency DLC
Modifying agency DLC
042 ## - AUTHENTICATION CODE
Authentication code pcc
043 ## - GEOGRAPHIC AREA CODE
Geographic area code n-us---
050 00 - LIBRARY OF CONGRESS CALL NUMBER
Classification number HX844.G6
082 00 - DEWEY DECIMAL CLASSIFICATION NUMBER
Classification number 335/.83/092
-- B
Edition number 21
300 ## - PHYSICAL DESCRIPTION
Dimensions 20 cm.
100 ## - MAIN ENTRY--PERSONAL NAME
Personal name Wexler, Alice
9 (RLIN) 47936
245 00 - TITLE STATEMENT
Title Emma Goldman :
Remainder of title an intimate life /
Statement of responsibility, etc Alice Wexler
260 ## - PUBLICATION, DISTRIBUTION, ETC. (IMPRINT)
Place of publication, distribution, etc London :
Name of publisher, distributor, etc Virago Press,
Date of publication, distribution, etc 1984
300 ## - PHYSICAL DESCRIPTION
Extent xix, 339p. :
504 ## - BIBLIOGRAPHY, ETC. NOTE
Bibliography, etc Includes bibliographical references and indexes.
505 1# - FORMATTED CONTENTS NOTE
Formatted contents note v. 1. Made for America, 1890-1901 -- v. 2. Making speech free, 1902-1909 -- v. 3. Light and shadows, 1910-1916 --
600 10 - SUBJECT ADDED ENTRY--PERSONAL NAME
Personal name Goldman, Emma,
Dates associated with a name 1869-1940.
9 (RLIN) 47937
650 #0 - SUBJECT ADDED ENTRY--TOPICAL TERM
Topical term or geographic name as entry element Anarchists
Geographic subdivision United States
Form subdivision Biography.
9 (RLIN) 47938
650 #0 - SUBJECT ADDED ENTRY--TOPICAL TERM
Topical term or geographic name as entry element Feminists
Geographic subdivision United States
General subdivision Biography
9 (RLIN) 47939
856 42 - ELECTRONIC LOCATION AND ACCESS
Materials specified Publisher description
Uniform Resource Identifier <a href="http://www.loc.gov/catdir/description/ucal041/2002028943.html">http://www.loc.gov/catdir/description/ucal041/2002028943.html</a>
856 41 - ELECTRONIC LOCATION AND ACCESS
Materials specified Sample text
Uniform Resource Identifier <a href="http://www.loc.gov/catdir/samples/ucal041/2002028943.html">http://www.loc.gov/catdir/samples/ucal041/2002028943.html</a>
856 41 - ELECTRONIC LOCATION AND ACCESS
Materials specified Table of contents only
Uniform Resource Identifier <a href="http://www.loc.gov/catdir/enhancements/fy0641/2002028943-t.html">http://www.loc.gov/catdir/enhancements/fy0641/2002028943-t.html</a>
906 ## - LOCAL DATA ELEMENT F, LDF (RLIN)
a 7
b cbc
c orignew
d 1
e ocip
f 20
g y-gencatlg
942 ## - ADDED ENTRY ELEMENTS (KOHA)
Source of classification or shelving scheme Library of Congress Classification
Koha item type Monograph ( Printed materials)
Holdings
Withdrawn status Lost status Source of classification or shelving scheme Damaged status Not for loan Collection code Home library Current library Shelving location Date acquired Total Checkouts Full call number Barcode Date last seen Price effective from Koha item type
    Library of Congress Classification     Main Collection ARRUPE LIBRARY ARRUPE LIBRARY Main Collection 27/08/2019   HX844.G6 46600005217 27/08/2019 27/08/2019 Monograph ( Printed materials)

 

Arrupe Library. PO Box MP320 Mt Pleasant, Harare, Zimbabwe
263 242 745411|librarian@aju.ac.zw